书目信息 |
| 题名: |
无土栽培学
|
|
| 作者: | 郭世荣 ;王秀峰吴震 | |
| 分册: | ||
| 出版信息: | 北京 中国农业出版社 2003 |
|
| 页数: | 442 | |
| 开本: | 23cm | |
| 丛书名: | ||
| 单 册: | ||
| 中图分类: | S317 | |
| 科图分类: | ||
| 主题词: | 作物--生物学--理论 , 作物--栽培 | |
| 电子资源: | ||
| ISBN: | 7-109-07753-5 | |
| 000 | 00613nam0 2200205 450 | |
| 001 | 0741144344 | |
| 005 | 20070817112544.34 | |
| 010 | @a7-109-07753-5@d¥38.00 | |
| 100 | @a20070817d km y0chiy0120 ea | |
| 101 | 0 | @achi |
| 200 | 1 | @a无土栽培学@Awu tu zai pei xue@f郭世荣@Fguo shi rong@g王秀峰吴震等@Gwang xiu feng wu zhen deng |
| 210 | @a北京@c中国农业出版社@d2003 | |
| 215 | @a442@d23cm | |
| 606 | 0 | @a作物@x生物学@x理论 |
| 606 | 0 | @a作物@x栽培 |
| 690 | @aS317@v3 | |
| 701 | 0 | @a郭世荣@Aguo shi rong |
| 702 | 0 | @a王秀峰吴震@Awang xiu feng wu zhen |
| 801 | 0 | @aCN@bPFT@c20070817 |
| 905 | @a213230@dS317@en1@f1 | |
| 无土栽培学/郭世荣/王秀峰吴震等.-北京:中国农业出版社,2003 |
| 442;23cm |
| ISBN 7-109-07753-5:¥38.00 |
| ● |
| 相关链接 |
|
|
|
|
正题名:无土栽培学
索取号:S317/n1
 
预约/预借
| 序号 | 登录号 | 条形码 | 馆藏地/架位号 | 状态 | 备注 |
| 1 | 6600603 | 266006038 | 生命科学系资料室/ [索取号:S317/n1] | 在馆 |